ONLINE PUBLIC ACCESS CATALOG(OPAC)

Entrepreneurship Development and Small Business Enterprises (Record no. 63954)

MARC details
000 -LEADER
fixed length control field 00445nam a2200169 4500
008 - FIXED-LENGTH DATA ELEMENTS--GENERAL INFORMATION
fixed length control field 251103b |||||||| |||| 00| 0 eng d
020 ## - INTERNATIONAL STANDARD BOOK NUMBER
International Standard Book Number 9789353066260
082 ## - DEWEY DECIMAL CLASSIFICATION NUMBER
Classification number 658.114 CHA
100 ## - MAIN ENTRY--PERSONAL NAME
Personal name Charantimath, Poornima M.
245 ## - TITLE STATEMENT
Title Entrepreneurship Development and Small Business Enterprises
250 ## - EDITION STATEMENT
Edition statement 3rd Edi.
260 ## - PUBLICATION, DISTRIBUTION, ETC. (IMPRINT)
Place of publication, distribution, etc Noida
Name of publisher, distributor, etc Pearson
Date of publication, distribution, etc 2019
300 ## - PHYSICAL DESCRIPTION
Extent 412
365 ## - TRADE PRICE
Price amount 499
650 ## - SUBJECT ADDED ENTRY--TOPICAL TERM
Topical term or geographic name as entry element Entrepreneurship
942 ## - ADDED ENTRY ELEMENTS (KOHA)
Source of classification or shelving scheme Dewey Decimal Classification
Item type Books
Holdings
Withdrawn status Lost status Source of classification or shelving scheme Damaged status Not for loan Home library Current library Date acquired Source of acquisition Cost, normal purchase price Total Checkouts Full call number Barcode Date last seen Koha item type Public note
    Dewey Decimal Classification     School of Commerce & Management Studies School of Commerce & Management Studies 03/11/2025 Book Paradise 650.00   658.114 CHA CM2175 03/11/2025 Reference Rack No.R8 Shelf No.24
    Dewey Decimal Classification     School of Commerce & Management Studies School of Commerce & Management Studies 03/11/2025 Book Paradise 650.00   658.114 CHA CM2173 03/11/2025 Circulation Rack No.C5 Shelf No.37
    Dewey Decimal Classification     School of Commerce & Management Studies School of Commerce & Management Studies 03/11/2025 Book Paradise 650.00   658.114 CHA CM2174 03/11/2025 Circulation Rack No.C5 Shelf No.37

Powered by Koha